000 01168nam a22002657a 4500
003 NALT
005 20251125232954.0
008 s2548 th tha d
020 _a9743893539
040 _aNALT
041 _atha
090 _aKE 71
_bส241ร 2548
100 0 _aสมชาย บำรุงทรัพย์
_956305
245 1 0 _aรวมกฎหมายปกครอง /
_cสมชาย บำรุงทรัพย์, ณัฐวิภา โฆษิตตันติบุณย์.
250 _aพิมพ์ครั้งที่ 2
260 _aกรุงเทพฯ :
_bสกายบุ๊กส์,
_c2548
300 _a650 หน้า ;
_c26 ซม.
650 0 4 _aทะเบียนราษฎร์ -- กฎหมายและระเบียบข้อบังคับ
650 0 4 _aกฎหมายปกครอง
700 0 _956304
_aณัฐวิภา โฆษิตตันติบุณย์
850 _aNALT
856 4 0 _uhttps://hdl.handle.net/20.500.14156/302877
942 _cLB
_2lcc
999 _c46211
_d46211
998 _j8
_k นายบัณฑิต อุทาวงค์